Le mastaba d'Akhethetep : une chapelle funéraire de l'Ancien Empire /

محفوظ في:

المؤلف الرئيسي: Ziegler, Christiane (مؤلف)

التنسيق: كتاب

اللغة: French

سلاسل: Monographies.

الموضوعات:

الوسوم: إضافة وسم

لا توجد وسوم, كن أول من يضع وسما على هذه التسجيلة!

رقم الطلب: DT73 .S3 Z54 1993

LEADER 01109nam a2200289 a 4500
001 10885
003 OSt
005 20210823114912.0
008 130303s1993 fr a g b 001 0 fre d
952 |0 0  |1 0  |2 lcc  |4 0  |6 DT0073 S3 Z54 01993  |7 1  |9 18000  |a ARCE  |b ARCE  |d 2021-08-23  |l 0  |o DT73 .S3 Z54 1993  |p 1000795  |r 2021-08-23 00:00:00  |w 2021-08-23  |y BK 
999 |c 14900  |d 14900 
010 |a 93173301 
020 |a 2711824691 
040 |c ARCE Library 
043 |a f-ua--- 
050 0 4 |a DT73 .S3 Z54 1993 
100 1 |a Ziegler, Christiane,  |e author 
245 1 3 |a Le mastaba d'Akhethetep :  |b une chapelle funéraire de l'Ancien Empire /  |c Christiane Ziegler. 
264 1 |a Paris :  |b Editions de la Réunion des musées nationaux :  |b Diffusion Seuil,  |c 1993. 
300 |a 237 pages :  |b illustrations ;  |c 27 cm. 
490 0 |a Monographies. 
504 |a Includes bibliographical references (pages 213-233) and indexes. 
650 0 |a Tombs  |z Egypt  |z Ṣaqqārah. 
651 0 |a Ṣaqqārah (Egypt)  |x Antiquities. 
901 |a reviewed 
942 |c BK  |2 lcc 
945 |a DT73 .S3 Z54 1993  |g 1  |i mq252461  |l 1arce  |o z  |p $0.00  |q    |r    |s w  |t 0  |u 0  |v 0  |w 0  |x 0